Improvise adjustable wrench / (Record no. 5301)
[ view plain ]
| 000 -LEADER | |
|---|---|
| fixed length control field | 01249nam a22002897a 4500 |
| 003 - CONTROL NUMBER IDENTIFIER | |
| control field | OSt |
| 005 - DATE AND TIME OF LATEST TRANSACTION | |
| control field | 20260503200044.0 |
| 008 - FIXED-LENGTH DATA ELEMENTS--GENERAL INFORMATION | |
| fixed length control field | 260503b |||||||| |||| 00| 0 eng d |
| 040 ## - CATALOGING SOURCE | |
| Language of cataloging | English. |
| Transcribing agency | CvSU-CCAT Campus Library. |
| Description conventions | rda. |
| 050 ## - LIBRARY OF CONGRESS CALL NUMBER | |
| Classification number | UM TJ 1201 |
| Item number | C47 2013 |
| 100 ## - MAIN ENTRY--PERSONAL NAME | |
| Personal name | Ceresa, Carlo, author. |
| 9 (RLIN) | 21040 |
| 245 ## - TITLE STATEMENT | |
| Title | Improvise adjustable wrench / |
| Statement of responsibility, etc. | Carlo Ceresa, Jeffrey Cordova, and Dwight Evan De Ocampo. |
| 260 ## - PUBLICATION, DISTRIBUTION, ETC. | |
| Place of publication, distribution, etc. | Rosario, Cavite : |
| Name of publisher, distributor, etc. | Cavite State University-CCAT Campus, |
| Date of publication, distribution, etc. | 2013. |
| 300 ## - PHYSICAL DESCRIPTION | |
| Extent | ix, 34 leaves : |
| Other physical details | illustrations ; |
| Dimensions | 28 cm |
| 500 ## - GENERAL NOTE | |
| General note | Technical Feasibility Study (BSIT Major Stationary Marine Technology) -- Cavite State University-CCAT Campus, 2013. |
| 504 ## - BIBLIOGRAPHY, ETC. NOTE | |
| Bibliography, etc. note | Includes bibliographical references and appendices. |
| 546 ## - LANGUAGE NOTE | |
| Language note | In English text |
| 650 ## - SUBJECT ADDED ENTRY--TOPICAL TERM | |
| Topical term or geographic name entry element | Wrenches -- Design and construction. |
| 9 (RLIN) | 21041 |
| 650 ## - SUBJECT ADDED ENTRY--TOPICAL TERM | |
| Topical term or geographic name entry element | Hard tools. |
| 9 (RLIN) | 19458 |
| 650 ## - SUBJECT ADDED ENTRY--TOPICAL TERM | |
| Topical term or geographic name entry element | Mechanical devices. |
| 9 (RLIN) | 21042 |
| 650 ## - SUBJECT ADDED ENTRY--TOPICAL TERM | |
| Topical term or geographic name entry element | Automobiles -- Maintenance and repair -- Tools and equipment. |
| 9 (RLIN) | 21043 |
| 700 ## - ADDED ENTRY--PERSONAL NAME | |
| Personal name | Cordova, Jeffrey, author. |
| 9 (RLIN) | 21044 |
| 700 ## - ADDED ENTRY--PERSONAL NAME | |
| Personal name | De Ocampo, Dwight Evan, author. |
| 9 (RLIN) | 21045 |
| 700 ## - ADDED ENTRY--PERSONAL NAME | |
| Personal name | Alvarez, Nestor M., adviser. |
| 9 (RLIN) | 5915 |
| 942 ## - ADDED ENTRY ELEMENTS (KOHA) | |
| Source of classification or shelving scheme | Library of Congress Classification |
| Koha item type | Thesis/Manuscripts/Dissertations |
| Classification part | TJ 1201 C47 2013 |
| Call number prefix | UM |
| Withdrawn status | Lost status | Source of classification or shelving scheme | Damaged status | Not for loan | Collection code | Home library | Current library | Shelving location | Date acquired | Coded location qualifier | Total Checkouts | Full call number | Barcode | Date last seen | Copy number | Price effective from | Koha item type |
|---|---|---|---|---|---|---|---|---|---|---|---|---|---|---|---|---|---|
| Library of Congress Classification | Thesis/Manuscript/Dissertation | Cavite State University - CCAT Campus | Cavite State University - CCAT Campus | TH | 07/25/2012 | UM | UM TJ 1201 C47 2013 | T0000657 | 05/03/2026 | 1 | 05/03/2026 | Thesis/Manuscripts/Dissertations |
